000 01080nam a2200337 a 4500
001 000109763
003 CHAP
005 20220329144103.0
008 140527s2011 mx a |rm |0|||||spa|d
010 _a106225
011 _a107197
040 _cCHAP
090 _aTesis
100 1 _aNajera Jaimes, Luis Fernando
_9127072
245 1 0 _aControl biológico in vitro de la marchitez en agave mezcalero ocasionado por Fusarium oxysporum /
_cpor Luis Fernandeo Najera Jaimes.
260 _aCocula, Gro. :
_bEl autor,
_c2011.
300 _axii, 92 h. :
_bil.
502 _aTesis (Ing. Agr. Fitotecnista) -- CSAEGRO
590 _aE792CSJ
_b05
_c20140527
_lUCH01
_h0900
590 _aE792CSJ
_b05
_c20140527
_lUCH01
_h0904
590 _aE792CSJ
_b05
_c20140527
_lUCH01
_h0941
650 1 4 _aAgave mezcalero.
_91105
650 1 4 _aControl biológico de enfermedades.
_927579
650 1 4 _aFungicidas.
_944044
650 1 4 _aFusarium oxysporum.
_944093
650 1 4 _aMarchitez del agave.
_971280
650 1 4 _aTrichoderma.
_9114923
901 _aBK
942 _cTESIS
942 _n0
999 _c106225
_d106225